| 000 | 01322cam a22003377a 4500 | ||
|---|---|---|---|
| 003 | CHAP | ||
| 005 | 20220329133054.0 | ||
| 008 | 971013s1988 r 00010 d | ||
| 010 | _a1856 | ||
| 011 | _a2828 | ||
| 035 | _a2028 | ||
| 040 | _cCHAP | ||
| 090 | _aTesis | ||
| 100 | 0 | 0 |
_aVillarreal Treviño, Cuauhtémoc. _9119657 |
| 245 | 0 | _aPruebas preliminares para el control biológico del agente causal de la pudrición basal de la vainilla Vanilla planifolia Andrews utilizando Trichaderma viride (Pers.) Fries, en prueba in vitro e invernadero | |
| 260 |
_a[Monterrey, N. L.] : _bEl autor, _c1988 |
||
| 300 |
_a78 h. _b: ilus. |
||
| 502 | _aTesis (M.C. Esp. en Sanidad Vegetal) -- ITESM. División de Graduados e Investigación. Programa de Graduados en Agricultura | ||
| 590 |
_aALEPH _b10 _c20130110 _lUCH01 _h1210 |
||
| 590 |
_aBATCH-UPD _b10 _c20130110 _lUCH01 _h1104 |
||
| 590 |
_aBATCH-UPD _b10 _c20130410 _lUCH01 _h0657 |
||
| 590 |
_aBATCH-UPD _b10 _c20130914 _lUCH01 _h1045 |
||
| 590 |
_aCONVERSION _b10 _c20130109 _lUCH01 _h1302 |
||
| 650 | 1 | 4 |
_aControl biológico de hongos. _927580 |
| 650 | 1 | 4 |
_aFusarium oxysporum. _944093 |
| 650 | 1 | 4 |
_aTrichoderma viride. _9114925 |
| 650 | 1 | 4 |
_aVainilla _xEnfermedades por hongos. _9117199 |
| 901 | _aBK | ||
| 942 | _cTESIS | ||
| 949 |
_bBC _cTES _d-11523 _eTS1 _h23558 _i2028 _si |
||
| 999 |
_c1856 _d1856 |
||